000 00809nam a2200205 a 4500
005 20221117063534.0
008 991125s1991 mx 000 0 spa u
020 _a9686104089
035 _aUPN01000010874
049 _aCG
050 4 _aLB5
_bT47 no.8
100 1 _aAlvarez Mendiola, Germán
_930737
245 1 3 _aEl conflicto en la Universidad Nacional Autónoma de México de 1986-1987 /
_cGermán Alvarez Mendiola.
260 _aMéxico :
_bIPN, Centro de Investigación y de Estudios Avanzados, Departamento de Investigaciones Educativas,
_c1991.
300 _a129 p.
440 0 _aTesis DIE ;
_v8
502 _aTesis (Maestría en Ciencias Especialidad en Educación) -- Instituto Politécnico Nacional, 1991
610 2 4 _aUniversidad Nacional Autónoma de México
_xHistoria
_94433
905 _aLibro
999 _c10874
_d10874